000 00526nam a2200181Ia 4500
008 100917s9999 xx 000 0 und d
082 _b9112
100 _aदारव्हेकर पुरूषोत्तम
245 _aनयन तुझे जादूगार
260 _b---
300 _a131
365 _b5
520 _aनाटक
630 _aनयन तुझे जादूगार
650 _aनाटक
730 _aनयन तुझे जादूगार
942 _cBOOK
999 _c614506
_d614503